Γενικό ενοχικό δίκαιο

Saved in:
Bibliographic Details
Main Author: Σταθόπουλος, Μιχαήλ Π., 1938-
Format: Book
Language:Greek
Published: Αθήνα; Θεσσαλονίκη : Σάκκουλα, 2004
Subjects:
Tags: Add Tag
No Tags, Be the first to tag this record!

MARC

LEADER 00000nam a2200000 i 4500
001 1/75824
008 080225s2004 gre d
020 |a 960-301-895-3 
035 |l 10095017 
040 |a GR-MY-UA  |b gre  |e aacr 
041 0 |a gre 
082 0 |a 346.02  |2 (22) 
100 1 |a Σταθόπουλος, Μιχαήλ Π.,  |d 1938- 
245 1 0 |a Γενικό ενοχικό δίκαιο /  |c Μιχ. Π. Σταθόπουλος 
260 |a Αθήνα; Θεσσαλονίκη :   |b Σάκκουλα,   |c 2004 
300 |a lxii,1443 σ.;  |c 24 εκ. 
504 |a Βιβλιογραφία: σ. xvi-xx. Ευρετήριο 
650 0 0 |a Obligations (Law)  |z Greece. 
650 0 0 |a Criminal law. 
650 0 0 |a Civil rights. 
852 |a INST  |b CHIOS  |e 20080225  |h 346.02 ΣΤΑ  |p 005200027713  |q 005200027713  |t BK  |y 0 
901 |a BIBL2-2008-1 
909 |a Χ  |b 145975 
922 |a 2ΕΛΗ  |b 200402  |c ΕΠΕΑΕΚ2/ΤΔΕ  |d Σ. ΠΑΤΑΚΗΣ 
970 |a ΑΤΣΑΛΗ  |b ΔΕΣΠΟΙΝΑ  |z 2008/02/25